000
00289nam a22001337a 4500
008
170302b xxu||||| |||| 00| 0 eng d
020
_a
0683079662
041
_a
eng
080
_a
616.073
100
_a
6
101
_a
SHM
245
_a
RADIOLOGY & ONCOLOGY
_c
BAXTER, C.S
942
_2
udc
_c
BK
999
_c
6600
_d
6600